000 00260nam a2200109Ia 4500
008 190912s9999||||xx |||||||||||||| ||und||
100 _aKh. Sarwar Hasan
245 4 _aThe Genesis of Pakistan
260 _aKarachi
_bMcGraw-Hill
_c1996
300 _a32
942 _cBK
999 _c7380
_d7380